1742 1379 1478 1048 1903 1729 1896 1996 1070 1527 1035 1642 1702 1631 1915 1921 1207 1989 1018 1606 1532 1275 1718 1742 1437 1236 1218 1356 1143 1887 1655 1713 1106 1548 1740 1044 1489 1701 1590 1994 1710 1499 1108 1849 1842 1309 1542 1359 1725 1773 1060 1737 1136 1756 1879 1754 1980 1518 1107 1340 1101 1446 1672 1292 1712 1861 1882 1321 1034 1745 1826 1503 1751 1894 1386 1807 1883 1131 1058 1951 1488 1541 1408 1387 1939 1357 1630 1569 1880 1237 1696 1754 1298 1132 1308 1125 1894 1166 1529 BCNSPRNW ULIB Ver.6.0+V

เปลี่ยนเป็นภาษาไทย

Change to English
 แสดงรายละเอียดบรรณานุกรม
  กลับหน้าหลัก

Brief Record : Get Marc (ISO 2709) : E-mail record : QR code < ปิดหน้าต่าง
LEADER : 00000nam 2200000uu 4500
001    13399125563
003     ULIB
008    170630s2559||||th 000 0 tha d
020    ^aa9786164066366
060 04 ^aWM141^bณ214ศ
100 0  ^aณรงค์ สุภัทรพันธุ์
245 10 ^aศาสตร์และศิลป์ของการสัมภาษณ์ทางจิตเวช /^cณรงค์ สุภัทรพันธุ์
250    ^aพิมพ์ครั้งที่ 2
260    ^aกรุงเทพฯ :^bภาควิชาจิตเวชศาสตร์ คณะแพทยศาสตร์โรงพยาบาลรามาธิบดีมหาวิทยาลัยมหิดล,^c2559
300    ^a239 หน้า :^bภาพประกอบ ;^c21 ซม.
650  2 ^aInterview, Psychological
650  2 ^aScience
650  4 ^aศาสตร์และศิลป์
650  4 ^aจิตเวชศาสตร์
653    ^aการสัมภาษณ์ทางจิต
710 2  ^aมหาวิทยาลัยมหิดล.^bคณะแพทยศาสตร์โรงพยาบาลรามาธิบดี.^bภาควิชาจิตเวชศาสตร์
945    ^p0^l0^i002472
945    ^p0^l0^i002473
945    ^p0^l0^i002474
945    ^p0^l0^i002475
945    ^p0^l0^i002476
945    ^p0^l0^i002477
999    ^aวรรณษา ชูชัยมงคล
รายการนี้ยังไม่มีแท็ก
คุณยังไม่ได้ล็อกอิน คุณสามารถมีกิจกรรมร่วมกับเว็บไซต์ได้ แต่ต้องล็อกอินก่อน ::
  ล็อกอิน

รายการสื่อสารสนเทศ

ลำดับที่ ประเภท เลขเรียก/บาร์โค้ด สถานที่ สถานะ
1. วิทยาศาสตร์การแพทย์ และสุขภาพ
วิทยาศาสตร์การแพทย์ และสุขภาพ
สถานะ=หนังสือเก่า
WM141 ณ214ศ ฉ.1 
  Barcode: 002472
ห้องสมุดวิทยาเขตสวรรค์ประชารักษ์
►ส่วนจัดเก็บหนังสือเก่า สปร
บนชั้น
  ขอยืม
2. วิทยาศาสตร์การแพทย์ และสุขภาพ
วิทยาศาสตร์การแพทย์ และสุขภาพ
WM141 ณ214ศ ฉ.2 
  Barcode: 002473
ห้องสมุดวิทยาเขตสวรรค์ประชารักษ์
►หนังสือทั่วไป
ถูกยืม กำหนดส่งวันที่ 1 มีนาคม 2569
  จอง
3. วิทยาศาสตร์การแพทย์ และสุขภาพ
วิทยาศาสตร์การแพทย์ และสุขภาพ
WM141 ณ214ศ ฉ.3 
  Barcode: 002474
ห้องสมุดวิทยาเขตสวรรค์ประชารักษ์
►หนังสือทั่วไป
บนชั้น
4. วิทยาศาสตร์การแพทย์ และสุขภาพ
วิทยาศาสตร์การแพทย์ และสุขภาพ
สถานะ=หนังสือเก่า
WM141 ณ214ศ ฉ.4 
  Barcode: 002475
ห้องสมุดวิทยาเขตสวรรค์ประชารักษ์
►ส่วนจัดเก็บหนังสือเก่า สปร
บนชั้น
  ขอยืม
5. วิทยาศาสตร์การแพทย์ และสุขภาพ
วิทยาศาสตร์การแพทย์ และสุขภาพ
สถานะ=หนังสือเก่า
WM141 ณ214ศ ฉ.5 
  Barcode: 002476
ห้องสมุดวิทยาเขตสวรรค์ประชารักษ์
►ส่วนจัดเก็บหนังสือเก่า สปร
บนชั้น
  ขอยืม
6. วิทยาศาสตร์การแพทย์ และสุขภาพ
วิทยาศาสตร์การแพทย์ และสุขภาพ
สถานะ=หนังสือเก่า
WM141 ณ214ศ ฉ.6 
  Barcode: 002477
ห้องสมุดวิทยาเขตสวรรค์ประชารักษ์
►ส่วนจัดเก็บหนังสือเก่า สปร
บนชั้น
  ขอยืม

รายการใกล้เคียง
    ผู้แต่ง [ณรงค์ สุภัทรพันธุ์]

    หัวเรื่อง [Interview, Psychological]
    หัวเรื่อง [Science]
    หัวเรื่อง [ศาสตร์และศิลป์]
    หัวเรื่อง [จิตเวชศาสตร์]

BibComment


ยังไม่เคยถูกคอมเมนท์

คอมเมนท์ทรัพยากรรายการนี้
  คอมเมนท์: ศาสตร์และศิลป์ขอ..


 Copyright 2026. Bcnsprnw @Library